000
00291nam a2200121Ia 4500
008
190216s9999||||xx |||||||||||||| ||und||
100
_a
Matt Haig
245
0
_a
Business Essentials The Sunday Times
260
_b
Kogan Paper India Lilited
300
_a
122
650
_a
Commerce
942
_c
BK
999
_c
6885
_d
6885